[Event "Alekhine Memorial"]
[Site "Paris/St Petersburg"]
[Date "2013.05.01"]
[Round "9"]
[White "Adams, Michael"]
[Black "Kramnik, Vladimir"]
[Result "0-1"]
[WhiteElo "2727"]
[BlackElo "2801"]
[Annotator "Szabo,Kr"]
[PlyCount "150"]
[EventDate "2013.04.21"]
[EventType "tourn"]
[EventRounds "9"]
[EventCountry "FRA"]
[EventCategory "20"]
[SourceTitle "CBM 154"]
[Source "ChessBase"]
[SourceDate "2013.05.15"]
[SourceVersion "1"]
[SourceVersionDate "2013.05.15"]
[SourceQuality "1"]

1. e4 e5 2. Nf3 Nc6 3. Bb5 Nf6 4. d3 Bc5 5. Nbd2 ({The other possibilities are
} 5. c3) ({and} 5. O-O) 5... d6 6. O-O O-O 7. Bxc6 (7. c3 {is the main line.})
7... bxc6 8. h3 $146 {This is a little bit strange idea, because after Bxc6
White's plan usually is c3 and d4 occupying the centre.} (8. Nc4 Be6 $13 (8...
Re8 9. Be3 Bxe3 10. Nxe3 d5 11. Re1 Rb8 12. b3 Qd6 13. Nd2 Be6 $11 {
Iodo-Kovanova, Dagomys 2004})) 8... h6 9. Re1 Re8 10. Nf1 d5 (10... Nh5 {
is another typical reaction.}) 11. exd5 Qxd5 {It is forced, otherwise the e5 P
falls.} 12. Be3 Bf8 13. Bd2 ({In the event of} 13. c4 Qd6 14. d4 exd4 15. Nxd4
c5 16. Nb5 Qc6 {followed by Bb7 and Black looks nicely placed.}) 13... e4 $1 {
A good move, otherwise Bc3 comes.} 14. dxe4 Nxe4 15. Ng3 Bb7 16. Bf4 Nd6 {
Kramnik avoids the exchange of N, protects the c7 P and prepares for c5.} 17.
b3 c5 18. Qxd5 Bxd5 19. c4 Bxf3 {Black gives up the pair of B, because in the
position it is not so important. On the other hand this move destroys a little
bit of White's P structure.} 20. gxf3 a5 21. Rxe8 Nxe8 ({The natural} 21...
Rxe8 {was also possible. Probably Black wants to threaten a4.}) 22. a4 Rb8 23.
Re1 {Just in time... Black cannot take the b3 P because the e8N is hanging.}
Nd6 24. Re3 g5 25. Be5 Kh7 26. Rd3 Kg6 27. Ne4 Ne8 $1 {A very deep move.
Kramnik retreats with his last piece to the background. On the other hand his
plan is f6 and f5 to drive away the opponent pieces from the centre. After
that his N comes back to the centre.} 28. Kg2 f6 29. Bb2 f5 30. Ng3 Bd6 31. Kf1
h5 32. Kg2 h4 33. Nf1 (33. Ne2 Nf6 34. Bc1 Nh5 35. Bd2 Ra8 $11 {with a
completely drawish position.}) 33... Nf6 34. Bxf6 Kxf6 35. Ne3 Ke6 36. Nd5 $2 {
A decisive mistake in time trouble. Adams played a very logical Nmove to the
centre, but he missed Black's next move...} (36. Kf1 Be5 37. Ke2 $11 {and
equal.}) 36... f4 $1 {Black puts his last P on the colour of his B, but
suddenly after c6 there is no comeback with the N.} 37. Kf1 Be5 {An important
move.} ({The immediate} 37... c6 {could have been met by} 38. Nf6 $1) 38. Ke2
c6 39. Nc3 Rxb3 40. Ne4 Rb4 41. Nxc5+ Kf5 42. Rd8 Rxc4 43. Rf8+ Kg6 44. Ne4
Rxa4 {Kramnik has played very precisely, he has won the most important aP and
his P will be a very strong one.} 45. Rg8+ Bg7 46. Rc8 Rc4 47. Kd3 Rc1 48. Kd2
Rc4 49. Kd3 Rc1 50. Kd2 Bb2 51. Ra8 Ra1 52. Ra6 a4 53. Rxc6+ Kh5 54. Nd6 {
Adams tries to create some problems for Kramnik in the time trouble...} Bf6 55.
Nf5 Kg6 56. Nd6 Be5 57. Nc4+ Bf6 {That's why they repeated moves, because the
time controll was at move 60.} 58. Nd6 Ra2+ 59. Kc1 Be5 60. Nc4+ Bf6 61. Nd6
Bh8 62. Ra6 a3 63. Kd1 Bb2 64. Kc2 $6 ({In the event of} 64. Ne4+ {Black still
has to find some exact moves} Kf5 65. Ra5+ (65. Nd6+ Ke5 66. Ne4 Ra1+ 67. Kc2
Rh1 68. Nxg5 Rh2 {is also hopeless for White.}) 65... Be5 66. Nd6+ Kg6 (66...
Ke6 67. Ne4) 67. Ne4 Ra1+ 68. Ke2 a2 69. Ra6+ Kf5 70. Ra4 (70. Ra5 g4 $1 71.
hxg4+ Ke6 72. Ng5+ Kd7 $19) 70... Bc7 71. Nc3 Rc1 72. Nxa2 Rc2+ 73. Ke1 Bb6 {
good chances for a win.}) 64... Bf6+ $1 65. Kd1 Rxf2 {Finally Kramnik gives
his a-P for the f2 and h3 ones.} 66. Rxa3 Rh2 67. Ra6 Rxh3 $1 {Black
sacrifices his B for the f3 P, as 3 P give easy win for Black.} 68. Ne4 Rxf3
69. Rxf6+ Kh5 70. Rf5 Rd3+ 71. Kc2 Rg3 $1 {The last important move, which
Black had to see before 65...Rxf2. The rest is easy.} 72. Rf8 (72. Nxg3+ fxg3
$19) 72... h3 73. Rh8+ Kg4 74. Nf2+ Kf3 75. Nxh3 Kg2 {and the N is trapped.}
0-1

[Event "Sinquefield Cup 3rd"]
[Site "Saint Louis"]
[Date "2015.08.27"]
[Round "5"]
[White "Topalov, Veselin"]
[Black "Caruana, Fabiano"]
[Result "0-1"]
[WhiteElo "2816"]
[BlackElo "2808"]
[Annotator "Szabo,Kr"]
[PlyCount "106"]
[EventDate "2015.08.23"]
[EventType "tourn"]
[EventRounds "9"]
[EventCountry "USA"]
[EventCategory "22"]
[SourceTitle "CBM 168"]
[Source "ChessBase"]
[SourceDate "2015.09.14"]
[SourceVersion "1"]
[SourceVersionDate "2015.09.14"]
[SourceQuality "1"]

1. e4 e5 2. Nf3 Nc6 3. Bb5 Nf6 4. d3 Bc5 5. c3 O-O 6. O-O d6 7. Nbd2 Ne7 8. d4
exd4 9. cxd4 Bb6 10. Re1 {Logical move. Black often goes for the d5 push and
it is helpful to have the R on e1.} Bg4 11. h3 Bh5 12. Qb3 {White is leaving
the pin, and he prepares fot Nc4 with idea of playing Nxb6.} d5 {The most
direct reply. Black would like to fix the centre, because White's Ps are very
flexible.} 13. e5 Nd7 14. a4 a5 (14... c5 $2 {could have been met by} 15. a5 $1
{.}) (14... a6 {was played by Ragger,} 15. Bd3 c5 16. g4 $5 c4 ({In case of} 
16... Bg6 17. Bxg6 hxg6 18. Ng5 $1 {followed by Qg3-h4 and Black's position
looks very dangerous.}) 17. Bxc4 dxc4 18. Nxc4 Bg6 19. Bg5 $1 Ba7 20. Qa3 f6 (
20... Re8 $2 21. Nd6 $1 $18 {and White is winning.}) 21. exf6 gxf6 22. Bh6 {
with a very complicated game, Svidler-Ragger, Bundesliga 2015.}) 15. Qd1 {
White prepares for Nb3.} Nb8 $5 {Interesting N maneuver. Caruana wants to put
his N on b4 by Nbc6-b4.} 16. Nb3 Nbc6 17. Bg5 h6 $146 {This is the first new
move in the game.} (17... Nb4 18. Rc1 h6 19. Bh4 c6 20. Be2 Qc7 21. g4 (21. Bg3
$5) 21... Bg6 22. Qd2 Na2 (22... Rfe8 $5) 23. Ra1 Nb4 24. Rec1 Qd7 25. Nc5 Bxc5
26. dxc5 $14 {and White had a slight advantage, Vachier Lagrave-Leko, Beijing
rapid 2014.}) 18. Bh4 Qc8 ({In case of} 18... Bxf3 19. Qxf3 Nxd4 20. Nxd4 Bxd4
21. Qg4 {and Black has to face a lot of unpleasant attack on the kingside.})
19. g4 $5 {A brave and ambitious reaction by Topalov. He would like to gain
some space, on the other hand his kingside can be a target for Black.} Bg6 20.
Rc1 Bh7 (20... Qe6 $5 {was also possible.}) 21. Bg3 $6 {A logical reply, but
this is an inaccuracy, because he allows Black next move.} (21. Nc5 $1 {
was correct,} Ng6 22. Bg3 Bxc5 23. dxc5 $14 {and White has a comfortable
position.}) 21... Nb4 {The N is very powerful from b4. Nobody can attack it,
controls the d3-square and Black is ready to play ...c6 too.} 22. Re3 Na2 23.
Ra1 Nb4 24. Ne1 {Topalov doesn't want to repeat right away.} Nec6 25. Qd2 Qe6
26. Bxc6 $6 {This is a strange idea to give the light-squared B so quickly.
The B blockated the light-squares very well, but from now the b4 N becomes
more stronger.} ({The natural} 26. Rc1 {was more solid.}) 26... Qxc6 27. Rc3
Qe6 28. Ng2 f6 {Caruana starts to open the lines for his pieces.} 29. Nf4 Qd7
30. e6 (30. Nh5 $5 {was an interesting option,} f5 31. Bf4 $5 fxg4 32. Bxh6 $1
gxh6 33. Qxh6 Bd3 34. Qg5+ Kf7 35. Qf6+ Kg8 36. Qg5+ {with perpetual checks.})
30... Qe7 31. Re1 f5 $1 {Very good move! Caruana immediately gains the
initiative and tries to create some weaknesses on the kingside.} 32. Nc5 Bxc5
33. Rxc5 c6 {Suddenly Black completely protects himself and White's pieces are
without coordination. Black is threatening with ...g5.} 34. Rc3 g5 $1 35. Ng2
$2 {The decisive mistake.} ({The engine suggests} 35. gxf5 $1 {as the most
tougher reply,} Bxf5 $1 (35... gxf4 $2 36. Bxf4 Bxf5 37. Rg3+ Kh7 38. Bxh6 {
and suddenly Black is in trouble.}) 36. Ng2 Be4 37. h4 Rf5 {and Black looks
nicely placed, but still White has some practical chance.}) 35... f4 36. Nxf4 (
36. Bh2 Rf6 $19 {is hopeless for White.}) 36... gxf4 37. Bxf4 Nd3 $1 {Caruana
continues with the strongest move.} 38. Rxd3 Bxd3 39. Bxh6 Rf3 $1 {Another
right reaction! Black is a R up and White's three Ps are nothing for it.} 40.
Re3 Rxe3 41. Qxe3 Qh7 42. f3 Re8 43. h4 Qg6 44. e7 Qd6 {Very precise solution!
Black sacrifices his B, and he reaches a completely winning endgame.} 45. Bf4
Qxe7 $1 {This is the point!} (45... Rxe7 46. Be5 Qg6 47. h5 {is more material,
but also more complicated.}) 46. Qxd3 Qe1+ 47. Qf1 Qxf1+ 48. Kxf1 Rf8 49. Be5
Rxf3+ 50. Kg2 Rb3 51. h5 Rxb2+ 52. Kg3 b5 53. axb5 Rxb5 0-1

[Event "Geneva FIDE GP"]
[Site "Geneva"]
[Date "2017.07.09"]
[Round "4"]
[White "Nepomniachtchi, Ian"]
[Black "Hou, Yifan"]
[Result "1-0"]
[WhiteElo "2742"]
[BlackElo "2666"]
[Annotator "Szabo,Kr"]
[PlyCount "97"]
[EventDate "2017.07.06"]
[EventType "swiss"]
[EventRounds "9"]
[EventCountry "SUI"]
[SourceTitle "CBM 180"]
[Source "ChessBase"]
[SourceDate "2017.09.13"]
[SourceVersion "1"]
[SourceVersionDate "2017.09.13"]
[SourceQuality "1"]

1. e4 e5 2. Nf3 Nc6 3. Bb5 Nf6 4. d3 Bc5 5. Bxc6 dxc6 6. Nbd2 O-O 7. Qe2 Re8 8.
Nc4 Nd7 9. Bd2 Nb6 {A rare, but logical move. Black would like to exchange the
active c4-knight.} (9... Bd6 {is more common, for example} 10. O-O-O (10. h4
Nf8 11. h5 Ne6 12. O-O-O c5 13. Qf1 f6 14. Nh4 Nd4 15. c3 Nc6 16. Nf5 Bxf5 17.
exf5 h6 18. g4 Bf8 19. Qe2 Qd7 20. Be3 Rad8 21. Qc2 $14 {Caruana-Karjakin,
Wijk aan Zee 2016, and thanks to the light-squares, White is more comfortable.}
) (10. g4 Nf8 11. Ne3 Ne6 12. Nf5 a5 13. h4 a4 14. Ng5 a3 15. b3 Bc5 16. Nxe6
Bxe6 17. Qf3 Bf8 18. Ke2 c5 $11 {Anand-Giri, Bilbao 2015, with a balanced
middlegame.}) 10... Nf8 (10... b5 11. Ne3 a5 12. Nf5 a4 13. Bg5 f6 14. Be3 Nc5
15. g4 Be6 16. Kb1 b4 $132 {Caruana-Nakamura, Moscow 2016, and Black has an
attack too.}) 11. Ne3 Be6 12. Kb1 Qd7 13. Ng5 f6 14. Nxe6 Nxe6 15. Nf5 g6 16.
Nxd6 cxd6 17. g3 Nd4 18. Qf1 Qg4 19. Be3 Qf3 20. h4 d5 $13 {Giri-So Wesley,
Leuven 2016, with an unclear position.}) 10. Na5 $146 {The first new move in
the game.} ({The greedy} 10. Ncxe5 $2 {could have been met by} f6 11. Nc4 Nxc4
12. dxc4 Bf5 $1 $17 {and White is in trouble.}) ({Or} 10. Nfxe5 Bd4 11. f4 Nxc4
12. Nxc4 b5 $132 {with a sharp middlegame.}) (10. Ne3 a5 11. h4 Bd4 (11... f6
$5) 12. O-O-O Be6 13. Kb1 f6 14. g4 Bxe3 15. Qxe3 Bxg4 16. Rdg1 Bxf3 17. Qxf3
Kh8 18. Qg3 Re7 19. f4 $44 {Howell-Adams, Bournemouth 2016}) 10... Qe7 11. a3
Bd6 12. h4 {An ambitious move. White doesn't play the natural 0-0, he
immediately goes with his h-pawn.} Na4 13. h5 {A brave decision, White
sacrifices the b2-pawn.} Qf8 ({The engine immediately suggests} 13... Nxb2 $5 {
, but this is not a human move. For example} 14. a4 b6 15. Nxc6 (15. Nb3 b5 16.
axb5 cxb5 17. h6 g6 $15) 15... Qd7 16. Nb4 Nxa4 17. h6 Bxb4 (17... g6 $2 18.
Nd5 $1 $16) 18. Bxb4 g6 $15 {and Black looks safe with a pawn up.}) 14. Nc4 b5
15. Nxd6 cxd6 16. b3 Nc5 17. Nh4 {White continues his kingside play.} Ne6 ({
I like the active} 17... d5) ({or even} 17... f5 $5 {too.}) 18. Nf5 c5 19. O-O
Nf4 20. Qf3 g6 $1 {This is the point of Black's previous move.} 21. g3 $1 {
White also increases the tension!} Bxf5 (21... Nxh5 $4 {loses immediately,
because of} 22. Bh6 $18 {and the queen is trapped.}) (21... gxf5 $5 {was the
other option,} 22. gxf4 fxe4 23. Qxe4 (23. dxe4 Kh8 $13) 23... Rb8 $13 {
followed by ...Bb7 with a double-edged fight.}) 22. gxf4 Bd7 23. Kh2 {A
straightforward move, prepares for Rg1.} f6 24. Rg1 Kf7 {Black's idea is
regrouping with ...Qe7, ...Rg8.} 25. Rg3 Qe7 26. Rag1 Rg8 27. R1g2 {White
frees the g1-square for his king.} Rh8 28. Kg1 Rag8 29. b4 c4 30. Be3 Bc6 31.
Rh2 a6 {This move seems useless, but Black can't do anything.} 32. Kf1 ({
Probably} 32. hxg6+ $1 {was stronger,} hxg6 33. Rxh8 Rxh8 34. Qg4 Rg8 35. f5
$40 {with a dangerous attack for Black.}) 32... Qe8 $2 {Too passive.} (32...
exf4 33. Bxf4 Qe6 {was safer.}) 33. Rh4 Qe7 34. fxe5 dxe5 35. d4 $1 {This is
the point! White starts his break-through is the centre.} exd4 36. Bg5 $3 {
A great tactical blow! White doesn't take back the pawn, because the B is
stronger on g5 and he is threatening Rf4.} ({In the event of} 36. Bxd4 g5 $1 {
and it is still not easy to continue the pressure on f6.}) 36... Rf8 37. Rf4
Ke6 38. Qg4+ $1 Kd6 39. e5+ $1 $18 {Another strong reply! White opens the 4th
rank for the R.} Kc7 40. Bxf6 Rxf6 41. exf6 Qf7 42. Rxd4 Qxf6 43. Qf4+ {
White simplifies, Black's position is hopeless.} Qxf4 44. Rxf4 gxh5 45. Rg7+
Kb6 46. Rf6 h4 47. Rh6 Rd8 48. Rf7 h3 49. Rff6 1-0

[Event "Norway Chess 2nd"]
[Site "Stavanger"]
[Date "2014.06.13"]
[Round "9"]
[White "Topalov, Veselin"]
[Black "Aronian, Levon"]
[Result "1/2-1/2"]
[WhiteElo "2772"]
[BlackElo "2815"]
[Annotator "Szabo,Kr"]
[PlyCount "81"]
[EventDate "2014.06.03"]
[EventType "tourn"]
[EventRounds "9"]
[EventCountry "NOR"]
[EventCategory "21"]
[SourceTitle "CBM 161"]
[Source "ChessBase"]
[SourceDate "2014.07.16"]
[SourceVersion "1"]
[SourceVersionDate "2014.07.16"]
[SourceQuality "1"]

1. e4 e5 2. Nf3 Nc6 3. Bb5 Nf6 4. d3 Bc5 5. c3 O-O 6. O-O Re8 7. Bg5 (7. Nbd2 {
is another main line.}) 7... h6 8. Bh4 Bf8 9. Nbd2 d6 10. Re1 ({Three years ago
} 10. d4 {was tried by Carlsen} exd4 11. Nxd4 (11. cxd4 $6 {is dubious as after
} g5 {the Pe4 is hanging.}) 11... Bd7 12. Nxc6 bxc6 13. Bd3 Be7 14. f4 Qb8 15.
Bxf6 Bxf6 16. e5 $5 dxe5 17. Ne4 {with a complicated position, Carlsen-Howell,
London 2011.}) 10... Bd7 11. a4 $146 {A novelty by Topalov. This is a very
typical move in the Ruy Lopez. White simply protects his Bb5, also he avoids ..
.a6 followed by ...b5 and sometimes he can gain some space with a5.} (11. Ba4
Be7 12. Nf1 Nh7 13. Bxe7 Nxe7 14. Bb3 Ng6 15. Ng3 Ng5 16. Nf5 Qf6 $11 {with an
equal middlegame, Gruenfeld-Roiz, Acre 2013.}) 11... g6 12. Nf1 {White
continues his plan, he prepares for Ne3-d5. Now the bishop on h4 is very
useful.} Bg7 13. Ne3 Qc8 {Black steps out of the pin, because Nd5 was already
an unpleasant threat.} 14. a5 a6 15. Bc4 Nd8 {A typical manoeuvre; the
c6-knight wasn't so useful, so Black prepares ...Ne6 followed by ...Nf4.} 16.
b4 Ne6 17. Qb3 {White has gained some space on the queenside and his pieces
are well-placed. However, Black is solid and it is not so easy to create any
weaknesses in his position.} Bb5 {A logical decision; Black frees the
d7-square for his queen.} 18. Bxf6 ({After} 18. Bxb5 axb5 19. h3 Nh5 {the Bb4
is a little bit out of play.}) 18... Bxf6 19. g3 Bxc4 20. Qxc4 Qd7 21. d4 {
Topalov doesn't want to waste any time, he gets active in the centre and
changes the structure.} ({In the event of} 21. h4 c6 {we have a balanced
middlegame.}) 21... exd4 22. cxd4 Qb5 {Black would like to exchange queens,
because after that the Bf6 would be stronger on the long diagonal.} 23. Rac1
Bg7 $2 {An unexpected error; Black leaves his c7-pawn unprotected.} ({In the
event of} 23... c5 24. e5 $1) (23... Qxc4 24. Rxc4 Bd8 {looks very passive,
but it was important to protect the c7-pawn.}) 24. h4 $2 {Another surprise.
White doesn't take the pawn and instead plays a positional move.} (24. d5 $1 {
was correct} Qxc4 25. Rxc4 Ng5 26. Nxg5 hxg5 27. Rxc7 Rxe4 28. Rxb7 Bc3 29. Rb1
$16) ({or} 24. Qxb5 $1 axb5 25. d5 Ng5 26. Nxg5 hxg5 27. Rxc7 Rxe4 28. Nc2 $16)
24... c5 $1 25. bxc5 dxc5 26. dxc5 Rac8 27. Qxb5 axb5 28. Nd5 Ra8 (28... Rxc5 {
was also possible} 29. Nd2 Ra8 30. Nb3 Rxc1 31. Rxc1 {with an equal endgame.})
29. e5 Rxa5 30. Nf6+ Bxf6 31. exf6 {After the exchange of White's knight
against Black's bishop the position has become completely drawish.} Raa8 32.
Rb1 Nxc5 33. Rxe8+ Rxe8 34. Rxb5 Nd7 35. Rxb7 Nxf6 36. Rb2 h5 37. Kf1 Kg7 38.
Re2 Rxe2 39. Kxe2 Kf8 40. Kf1 Ke7 41. Ke2 1/2-1/2

[Event "Norway Chess 1st"]
[Site "Stavanger"]
[Date "2013.05.17"]
[Round "8"]
[White "Svidler, Peter"]
[Black "Karjakin, Sergey"]
[Result "1-0"]
[WhiteElo "2769"]
[BlackElo "2767"]
[Annotator "Szabo,Kr"]
[PlyCount "113"]
[EventDate "2013.05.08"]
[EventType "tourn"]
[EventRounds "9"]
[EventCountry "NOR"]
[EventCategory "21"]
[SourceTitle "CBM 155"]
[Source "ChessBase"]
[SourceDate "2013.07.16"]
[SourceVersion "1"]
[SourceVersionDate "2013.07.16"]
[SourceQuality "1"]

1. e4 e5 2. Nf3 Nc6 3. Bb5 Nf6 {This is one the favourite moves of Karjakin.}
4. d3 {Svidler decided to avoid the Berlin line.} Bc5 5. c3 O-O 6. O-O d6 7. h3
Ne7 8. d4 Bb6 9. Re1 d5 $5 $146 {A very interesting novelty by Karjakin. He
immediately wants to counterattack in the centre.} (9... Ng6 {is the most
common move.}) 10. Nxe5 Nxe4 11. Nd2 {A very logical developing move, which
puts under pressure the e4 N.} Nxd2 $6 ({Probably} 11... Nd6 {is the most
exact move} 12. Ba4 (12. Bd3 Bf5 $11 {Black can equalise more easily.}) (12.
Bf1 c6) 12... c6 (12... Bf5 13. Nf1 Ne4 14. Ne3 Be6 15. Bc2 Ng6 16. Nxg6 hxg6
17. Ng4 c5 18. dxc5 Bxc5 19. Be3 Bxe3 20. Nxe3 Qb6 21. Bb3 Rfd8 22. Qd4 Qxd4
23. cxd4 $14 {Grandelius-Paravyan, Golden Sands 2013}) 13. Nf1 Ng6 $11 {
with a nearly equal position.}) 12. Bxd2 f6 (12... c6 {was an interesting
alternative} 13. Bd3 Bf5 14. Qf3 Bxd3 15. Nxd3 {At first sight Black equalises
without any problems, but if we look deeply, White has some initiative with
h4-h5. For example:} Ng6 (15... Bc7 16. h4 $36) 16. g3 Qd7 17. h4 $14 {and
White looks nicely placed.}) 13. Nd3 Bd7 $6 {This allowed a tactical blow,
which was actually missed by Svidler.} (13... c6 {was the normal move} 14. Ba4
Bf5 15. Qf3 {and White is slightly better.}) 14. a4 (14. Nf4 $3 {was a very
strong move, as} Bxb5 15. Ne6 Qd7 16. Nxf8 Rxf8 17. a4 $16 {followed by a5 and
the b6 B is trapped.}) 14... c6 15. a5 Bxa5 (15... cxb5 $6 16. axb6 $16 {
and Black is in a trouble, because of the e7 N will be hanging.}) ({In the
event of} 15... Bc7 16. Ba4 $36 {White has gained some space.}) 16. Nc5 $1 {
This is the point. Now the b7 is hanging and the white B can come back to d3.}
Bc8 17. Bd3 Bb6 $6 (17... Bc7 {is more exact} 18. Ne6 Bxe6 19. Rxe6 Ng6 20. Qg4
$14 {but White also has nice compensation for the P.}) 18. Ne6 Bxe6 19. Rxe6
Ng6 20. Qh5 $2 {An inaccuracy. White allows Black to protect his position.} (
20. Qg4 {was the strongest move, because of} Re8 21. Rae1 Rxe6 22. Qxe6+ Kh8
23. h4 $1 $16 {with a decisive attack.}) 20... Re8 $1 {A good cold-blooded
move. Black can simplify the position, so White's attack is not dangerous.} 21.
Rae1 Rxe6 22. Rxe6 Nf8 23. Re3 Bc7 24. g3 b5 25. h4 Bd6 (25... Qd7 26. Bf5 Qf7
27. Qe2 Bd6 28. Re6 Qc7 29. Re8 {with some counterplay for the P.}) 26. b3 a5
27. c4 bxc4 28. bxc4 Bb4 29. Bc1 a4 30. Bb1 Qb6 $2 {A mistake, which creates a
dangerous passed P for White.} ({The simple} 30... dxc4 $1 {was the best} 31.
Qe2 Qxd4 32. Re4 Qd5 33. Ba2 Kh8 $13 {and Black hasn't got any problem.}) 31.
cxd5 Bd6 32. Ba2 c5 33. Re7 {A pretty and tempting move.} ({However} 33. dxc5
$1 {was easier} Qxc5 34. Ba3 Qb6 35. Bxd6 Qxd6 36. Re7 Ng6 37. Re6 $18 {
followed by d6 with good winning chances.}) 33... Kh8 (33... Bxe7 $2 {loses
immediately after} 34. d6+ Kh8 35. Qd5 $1 $18) 34. Rf7 ({In the event of} 34.
Re8 Rxe8 35. Qxe8 cxd4 36. Qxa4 $14 {White is slightly better, but I'm not
sure that it is enough for the win.}) 34... Kg8 35. Re7 Kh8 36. Qf7 Bxe7 37. d6
Ng6 38. dxe7 Nxe7 39. Qxe7 cxd4 40. Qe4 Rc8 {I think Black can hold the
position, but still he needs a lot of exact moves.} 41. Bf4 Rd8 (41... Qc5 $1
42. Bb1 f5 {And Black could close the important b1-h7 diagonal.}) 42. Qe7 Rc8
43. Qe4 Rd8 44. Qe7 Rc8 45. h5 (45. Qd7 Rd8 46. Qxa4 d3 47. h5 {White should
be better, but in a practical game it is still difficult.}) 45... Qd8 46. Qb7
h6 47. Be6 Rc3 $2 {An inaccuracy, but in a practical game it is very difficult
to find the best defence.} (47... Rc2 {was correct} 48. Qf7 d3 49. Bf5 (49. Qg6
$2 d2 $19) 49... Re2 50. Qg6 Qg8 51. Bxd3 Re1+ 52. Kh2 a3 53. Bxh6 a2 54. Bc4
Qf8 55. Bxa2 gxh6 {and draw.}) 48. Qf7 a3 (48... d3 49. Qg6 d2 50. Bxd2 $1 $18
{This is the difference compared to 47...Rc2, when the d2 P is protected.}) 49.
Bd6 $1 Qa8 50. Bd5 a2 51. Bxa8 a1=Q+ 52. Kh2 Qe1 (52... Qxa8 53. Bf8 $18) 53.
Kh3 Rc8 54. Bf8 Rxf8 55. Qxf8+ Kh7 56. Bd5 Qf1+ 57. Kh4 1-0